Welcome to CU Library Online Public Access Catalogue (OPAC)

Electronic health records : (Record no. 2799)

MARC details
000 -LEADER
fixed length control field 00834cam a22002294a 4500
001 - CONTROL NUMBER
control field 14235109
005 - DATE AND TIME OF LATEST TRANSACTION
control field 20250122134055.0
008 - FIXED-LENGTH DATA ELEMENTS--GENERAL INFORMATION
fixed length control field 060117s2007 njua 001 0 eng
020 ## - INTERNATIONAL STANDARD BOOK NUMBER
International Standard Book Number 9780131960794
050 00 - LIBRARY OF CONGRESS CALL NUMBER
Classification number R864
Item number .G37 2007
082 00 - DEWEY DECIMAL CLASSIFICATION NUMBER
Classification number 610.285
Edition information 22
100 1# - MAIN ENTRY--PERSONAL NAME
Personal name Gartee, Richard.
245 10 - TITLE STATEMENT
Title Electronic health records :
Remainder of title understanding and using computerized medical records /
Statement of responsibility, etc. Richard Gartee.
260 ## - PUBLICATION, DISTRIBUTION, ETC.
Place of publication, distribution, etc. Upper Saddle River, N.J. :
Name of publisher, distributor, etc. Pearson Prentice Hall,
Date of publication, distribution, etc. c2007.
300 ## - PHYSICAL DESCRIPTION
Extent xxxii, 506 p. :
Other physical details col. ill. ;
Dimensions 28 cm.
500 ## - GENERAL NOTE
General note Includes index.
650 #0 - SUBJECT ADDED ENTRY--TOPICAL TERM
Topical term or geographic name entry element Medical records
General subdivision Data processing.
650 12 - SUBJECT ADDED ENTRY--TOPICAL TERM
Topical term or geographic name entry element Medical Records Systems, Computerized.
650 22 - SUBJECT ADDED ENTRY--TOPICAL TERM
Topical term or geographic name entry element Forms and Records Control
General subdivision methods.
856 41 - ELECTRONIC LOCATION AND ACCESS
Materials specified Table of contents only
Uniform Resource Identifier <a href="http://www.loc.gov/catdir/toc/ecip066/2006001606.html">http://www.loc.gov/catdir/toc/ecip066/2006001606.html</a>
942 ## - ADDED ENTRY ELEMENTS (KOHA)
Source of classification or shelving scheme Library of Congress Classification
Koha item type Books
Suppress in OPAC No
999 ## -
-- 2799
-- 2799
Holdings
Withdrawn status Lost status Source of classification or shelving scheme Damaged status Not for loan Collection Home library Current library Shelving location Date acquired Total checkouts Full call number Barcode Date last seen Copy number Price effective from Koha item type
    Library of Congress Classification     Non-fiction Science Library (Miotso) Science Library (Miotso) General stacks 01/22/2025   R864 .G37 GAR SLM00002153 01/22/2025 1 01/22/2025 Books
    Library of Congress Classification     Non-fiction Science Library (Miotso) Science Library (Miotso) General stacks 01/22/2025   R864 .G37 GAR SLM00002154 01/22/2025 2 01/22/2025 Books
    Library of Congress Classification     Non-fiction Science Library (Miotso) Science Library (Miotso) General stacks 01/22/2025   R864 .G37 GAR SLM00002155 01/22/2025 3 01/22/2025 Books
© 2023-2024 Copyright: Central University Libraries. All Rights Reserved | Created by: Mahone Tech Office